Report of the 1986 Household Socio-Economic Survey Greater Bangkok Metropolitan Area

Na minha lista:
Detalhes bibliográficos
Formato: Livro
Idioma:inglês
Publicado em: Bangkok National Statistical Office 1986
Edição:1. ed.
Tags: Adicionar Tag
Sem tags, seja o primeiro a adicionar uma tag!

MARC

LEADER 00000nam a2200000 4500
001 c029009
005 20221220072602.4
041 0 |a eng 
044 |a TH 
245 1 0 |a Report of the 1986 Household Socio-Economic Survey  |b Greater Bangkok Metropolitan Area 
250 |a 1. ed. 
264 1 |a Bangkok  |b National Statistical Office  |c 1986 
300 |a 93 s.